000 00574nam a2200181Ia 4500
003 0
005 20231106095708.0
008 140724s9999 xx 000 0 und d
050 _aRC 569
_b.P33 2023
100 _aPacson, Fritz Christian P.
245 _aImpulsivity and risk perception of cyclists in Metro Manila
_cPacson, Fritz Christian P.
260 _aLas PiƱas, Philippines :
_bSouthville International School and Colleges,
_cc2023.
300 _a176 p. :
_bill. ;
_c28 cm.
500 _aImpulsivity.
521 _aPsychology
942 _cTH
_2lcc
999 _c228907
_d228907